000 00326nam a22001457a 4500
020 _a81-89999-27-3
082 _a823
_bPAI/G
100 _aPAI, ANANT
245 _aTHE GITA
260 _aMUMBAI
_bAMAR CHITHA KATHA
300 _a32
520 _aENGLISH SHORT STORIES
650 _aENGLISH SHORT STORIES
_zMUMBAI
942 _cBK
999 _c5245
_d5245